| 000 | 00746nam a22002537a 4500 | ||
|---|---|---|---|
| 999 |
_c33410 _d33410 |
||
| 001 | 2612 | ||
| 003 | CO-MdFUSB | ||
| 005 | 20171116110616.0 | ||
| 008 | 171116t1969 xxu||||| |||| 00| 0 eng d | ||
| 040 |
_aCO-MdFUSB _bspa _cCO-MdFUSB _dCO-MdFUSBC _erda |
||
| 041 | 0 | _aeng | |
| 082 | 0 | 4 | _aG 225.9 P776a |
| 100 | 1 |
_aPollock, J. C. (John Charles) _eautor |
|
| 245 | 1 | 4 |
_aThe apostle _b: A life of Paul _c/ John Pollock |
| 264 | 4 |
_aGarden City, N.Y., USA : _b Doubleday, _c©1969 |
|
| 300 | _aXIV, 244 Pag | ||
| 336 |
_2rdacontent _atexto _btxt |
||
| 337 |
_2rdamedia _asin mediación _bn |
||
| 338 |
_2rdacarrier _avolumen _bnc |
||
| 650 | 7 |
_aPadres de la Iglesia _959 |
|
| 653 | _aPablo (apóstol) | ||
| 653 | _aSantos - Biografías | ||
| 942 | _cBK | ||